1218 1278 1297 1171 1688 1541 1056 1204 1303 1832 1018 1012 1983 1359 1610 1074 1438 1019 1967 1529 1120 1289 1264 1706 1764 1305 1573 1286 1487 1758 1067 1926 1184 1240 1136 1807 1840 1434 1590 1672 1677 1136 1295 1806 1069 1880 1396 1641 1750 1731 1651 1143 1633 1594 1718 1576 1242 1645 1135 1320 1013 1340 1004 1989 1863 1641 1256 1003 1362 1112 1863 1474 1401 1643 1569 1740 1163 1992 1061 1923 1700 1437 1348 1846 1037 1789 1647 1005 1382 1583 1613 1533 1403 1944 1505 1388 1430 1161 1265 BCNSPRNW ULIB Ver.6.0+V

เปลี่ยนเป็นภาษาไทย

Change to English
 แสดงรายละเอียดบรรณานุกรม
  กลับหน้าหลัก

Brief Record : Get Marc (ISO 2709) : E-mail record : QR code < ปิดหน้าต่าง
LEADER : 00000nam 2200000uu 4500
001    13399111138
003     ULIB
008    110616s2550||||th 000 0 tha d
020    9789746457576
050 04 BF576^bม246ท ล.1
110 2  มหาวิทยาลัยสุโขทัยธรรมาธิราช.^bสาขาวิชาศิลปศาสตร์
245 10 ทักษะชีวิต หน่วยที่ 1-7=^b Life skills /^cสาขาวิชาศิลปศาสตร์มหาวิทยาลัยสุโขทัยธรรมาธิราช
246 31 Life skills
250    พิมพ์ครั้งที่ 10
260    นนทบุรี :^bมหาวิทยาลัย,^c2550
300    2 เล่ม :^bภาพประกอบ, ตาราง
440  0 เอกสารการสอนชุดวิชา ;^v10103
504    มีบรรณานุกรมประกอบ
505 0  ล.2^tหน่วยที่ 1-7
650  7 จิตวิทยาประยุกต์
650  7 ความสำเร็จ
650  7 การดำเนินชีวิต
945    ^p0^l0^i022927
945    ^p0^l0^i022925
945    ^p0^l0^i022926
945    ^p0^l0^i032902
995    ทศพร
999 ^a ใช้งานได้ทุกระบบ
รายการนี้ยังไม่มีแท็ก
คุณยังไม่ได้ล็อกอิน คุณสามารถมีกิจกรรมร่วมกับเว็บไซต์ได้ แต่ต้องล็อกอินก่อน ::
  ล็อกอิน

รายการสื่อสารสนเทศ

ลำดับที่ ประเภท เลขเรียก/บาร์โค้ด สถานที่ สถานะ
1. วิทยาศาสตร์การแพทย์ และสุขภาพ
วิทยาศาสตร์การแพทย์ และสุขภาพ
BF576 ม246ท ล.1 ฉ.4 
  Barcode: 032902
ห้องสมุดวิทยาเขตสวรรค์ประชารักษ์
►หนังสือทั่วไป
บนชั้น

รายการใกล้เคียง
    หัวเรื่อง [จิตวิทยาประยุกต์]
    หัวเรื่อง [ความสำเร็จ]
    หัวเรื่อง [การดำเนินชีวิต]

BibComment


ยังไม่เคยถูกคอมเมนท์

คอมเมนท์ทรัพยากรรายการนี้
  คอมเมนท์: ทักษะชีวิต หน่วยท..


 Copyright 2026. Bcnsprnw @Library